01115 2200361 4500001002100000005001500021035002000036007000300056008004100059020002200100082001500122084001700137100003500154245011700189250003800306300004400344650001700388700003200405700003400437264003400471336002100505337003000526338002300556040002200579850001200601090002000613990002000633990002000653990002000673990002000693990002000713990002000733INLIS00000000087282020220908121034 a0010-0922000348ta220908b2020 jbia g ind d a978-623-231-449-804223a796.33 a796.33 ACH l0 aAchmad Sofyan HanifePengarang10aLong-term athlete development sepak takraw /cpenulis, Achmad Sofyan Hanif, Abdul Aziz Hakim, Burhan Basyiruddin aEd. 1; Cetakan pertama, Juli 2020 aviii, 160 halaman :bilustrasi ;c23 cm 4aSepak Takraw0 aAbdul Aziz HakimePengarang0 aBurhan BasyiruddinePengarang31aDepok :bRajawali Pers,c2020 2rdacontentateks 2rdamediaatanpa perantara 2rdacarrieravolume aYOPDYOGbinderda aYOPDYOG aPK 796.33 ACH l a46218-PD/B.2022 a46219-PD/B.2022 a46218-PD/B.2022 a46219-PD/B.2022 a46219-PD/B.2022 a46218-PD/B.2022